00782nam a22001935i 450000100060000000300090000600500170001500700030003200800410003504000200007610000440009624502490014026000430038930000210043260000340045360000360048771000440052385200210056753708ES-MaACL20250718184450.0t|980304s1895 sp ||||1| spa d aCAM bspa cCAM1 aFernández Duro, Cesáreo,d1830-190810aHernán Tello Portocarrero y Manuel de Vega Cabeza de Vaca, capitanes de gloriosa memoria b: bosquejo leído ante la Real Academia de la Historia en la junta pública celebrada el día 19 de mayo de 1895 / cpor Cesáreo Fernández Duro. aMadrid : b[s.n.], c1895 (fFortanet) a70 p. ; c29 cm.14aTello Portocarrero, Hernán.14aVega Cabeza de Vaca, Manuel de.2 aReal Academia de la Historia (España) aES-MaACLjF-2214